<?xml version="1.0" encoding="UTF-8"?>
<marc:record xmlns:marc="http://www.loc.gov/MARC21/slim">
   <marc:leader>00000nam a2200000 a 4500</marc:leader>
   <marc:datafield ind1="0" ind2="0" tag="245">
      <marc:subfield code="a">Wieso? Weshalb? Warum? - Alles über Dinosaurier</marc:subfield>
   </marc:datafield>
   <marc:datafield ind1=" " ind2="1" tag="264">
      <marc:subfield code="c">2000</marc:subfield>
   </marc:datafield>
   <marc:datafield ind1="1" ind2=" " tag="520">
      <marc:subfield code="a">Quelle: bn.bibliotheksnachrichten (http://www.biblio.at/literatur/bn/index.html); &#xD;
Autor: Regina Neugebauer; &#xD;
Dinosaurier für Kleine. (ab 4) (JN)&#xD;
&#xD;
Was ist bloß so faszinierend an diesen Tieren? Protosaurier, Tyrannosaurus Rex, Brachiosaurus und wie sie alle heißen werden auf einfache, dem Alter gerechte Weise beschrieben. Jede wichtige Saurierart wird in zwei Kapiteln vorgestellt, indem auf deren Leben, Ernährung, Entwicklung und auf das Aussehen eingegangen wird. Die Texte sind kurz gehalten, dazwischen gibt es viel Abbildungsmaterial. Auf jeder Seite sind meist 1-2 Klappen in den Bildern, um dahinter schauen oder um zum Schluss ein ganzes Puzzle herausgeben zu können. Eine Zeittabelle vom Erdaltertum bis zur Erdneuzeit wird einfach und klar präsentiert.&#xD;
Die einzelnen Blätter des Buches sind kartonartig robust gebunden und innerhalb des Buchrückens zusätzlich verstärkt durch einen Ringordner.</marc:subfield>
   </marc:datafield>
   <marc:datafield ind1=" " ind2=" " tag="020">
      <marc:subfield code="a">9783473332687</marc:subfield>
      <marc:subfield code="9">9783473332687</marc:subfield>
   </marc:datafield>
   <marc:datafield ind1=" " ind2=" " tag="020">
      <marc:subfield code="a">3473332682</marc:subfield>
      <marc:subfield code="9">3473332682</marc:subfield>
   </marc:datafield>
   <marc:datafield ind1=" " ind2=" " tag="041">
      <marc:subfield code="a">ger</marc:subfield>
   </marc:datafield>
   <marc:datafield ind1=" " ind2=" " tag="300">
      <marc:subfield code="b">durchg. Ill. (farb.)</marc:subfield>
   </marc:datafield>
   <marc:datafield ind1=" " ind2=" " tag="338">
      <marc:subfield code="a">Band</marc:subfield>
   </marc:datafield>
   <marc:datafield ind1=" " ind2=" " tag="300">
      <marc:subfield code="a">16 Seiten</marc:subfield>
   </marc:datafield>
</marc:record>
